000
00227nam a2200097Ia 4500
005
20251222153621.0
008
251222s9999||||xx |||||||||||||| ||spa||
082
_a
460/C47
245
0
_a
Lenguaje: Teoría y práctica
942
_c
LIB
999
_c
31996
_d
31996